00886nac a22002411u 4500010001300000020001700013082001800030090001500048100003400063245007000097260005200167300006600219500002600285504005100311511002400362650003300386650002300419700002400442740003700466942002000503999001500523952010600538 a84011839 a0442282508 :00a621.3987bFLA c9231d9231 a20080729 00aFlat-panel displays and CRTs /cedited by Lawrence E. Tannas, Jr. aNew York :bVan Nostrand Reinhold,1985.cc1985. axviii, 468 p., [1] p. of plates :bill. (some col.) ;c27 cm. aDistributer: Al-Ahram aIncludes bibliographical references and index. aCatalogued by: Sara 0aInformation display systems. 0aCathode ray tubes.1 aTannas, Lawrence E.0 aFlat-panel displays and C.R.T.s. cBBk621.3987FLA c9231d9231 00104070aMAINbMAINc1STd2008-04-21ePurchasel0o621.3987FLAp000011198r2025-07-15 00:00:00yBB